Aleksander Brückners patriotische Mobilmachung 1914-1918

Titel: Aleksander Brückners patriotische Mobilmachung 1914-1918 / Witold Kośny
Verfasser:
In: Zeitschrift für Slawistik, Band 60, Heft 4 (2015), Seite 513-531
alle Artikel anzeigen
Veröffentlicht: 2015
Format: Aufsatz
Sprache: Deutsch
Schlagworte:
Kein Bild verfügbar
X
alg: 42655922
001A    $03025:20-02-18 
001B    $06050:24-06-21 $t10:06:06.000 
001C    $03025:20-02-18 $t15:32:54.000 
001D    $03025:20-02-18 
001U    $0utf8 
001X    $00 
002@    $0Oou 
002C    $aText $btxt $2rdacontent 
002D    $aComputermedien $bc $2rdamedia 
002E    $aOnline-Ressource $bcr $2rdacarrier 
003@    $0426559223 
004P    $010.1515/slaw-2015-0035 
007A    $0426559223 $aHEB 
010@    $ager 
010E    $erda 
011@    $a2015 
021A    $aAleksander Brückners patriotische Mobilmachung 1914-1918 $hWitold Kośny 
028A    $BVerfasser $#Kośny, W. $#Kośny, Witold Franz-Josef $4aut $7140763864 $8Kośny, Witold$Z1937- [Tp3] $9221607455 
031A    $d60 $e4 $h513-531 $j2015 
037A    $aEnglische Zusammenfassung, Seite 513 
039B    $aEnthalten in $8--Obvc--. Zeitschrift für Slawistik. - Berlin : De Gruyter, 1956-. - Online-Ressource. - ISSN 2196-7016 $x201500000600004487 $9201613530 
044K    $#Brückner, Aleksander $#Brückner, A. $#Brikner, A. $#Brueckner, Aleksander $#Brueckner, Alexander $#Bruckner, Aleksander $#Brückner, Alexander $7118515861 $8Brückner, Aleksander$Z1856-1939 [Tp1] $9086856979 
044K    $#Feldman, W. $#Feldmann, Wilh. $7118995790 $8Feldman, Wilhelm$Z1868-1919 [Tp1] $9087336065 
044K    $RWeltgeschichte $RWeltkrieg $#World War, 1914-1918 $#Guerre mondiale (1914-1918) $#Erster Weltkrieg $#1. Weltkrieg $74079163-4 $8Weltkrieg$g1914-1918 [Ts1] $9085224588 
044K    $#Polish question $#Question polonaise $#Polenfrage $#Einheit Polens $74216195-2 $8Polnische Frage [Ts1] $9086114549 
044K    $RNationalbewusstsein $RNationalismus $#Patriotism $#Patriotisme $#Patriottismo $#Patriotismo $#Patriotismus $#Vaterlandsliebe $74132835-8 $8Patriotismus [Ts1] $9085479705 
045R    $aGeschichte 1914-1918 
045T    $a7,41 
045T    $aSLAW $qDE-1a $2FID 

lok: 42655922 78

exp: 42655922 78 1 #EPN
201B/01 $020-02-18 $t15:27:27.000 
201C/01 $020-02-18 
201U/01 $0utf8 
203@/01 $01018351922 
208@/01 $a20-02-18 $be 
209A/01 $a/ $f000 $x00 
209A/01 $ab*p $x01 
220C/01 $apgar 
244Z/01 $#Generalgouvernement Polen $#Polska $#Rzeczpospolita Polska $#Polska Rzeczpospolita Ludowa $#Poland $#Pologne $#République Polonaise $#Generalne Gubernatorstwo w Polsce $#Polish People's Republic $#Polska Rzeczpospolita Polen $#PRL $#RP $#Polen Generalgouvernement $#Polska Generalgouvernement $#Besetzte Polnische Gebiete $#Besetztes Gebiet in Polen $#Okupowane Polskie Obszary $#Obszary Okupowane w Polsce $#Volksrepublik Polen $#Polska Rosyjska $#Republic Polen $#Respublika Pol'ša $#Pol'skaja Narodnaja Respublika $#République de Pologne $#Polen Links der Weichsel $#Polska po Lewej Stronie Wisły $#Lenkija $#Polija $#Gubernija Carstva Pol'skago $#Republik Polen $74046496-9 $8--Tg1--Polen $x01 $9085129801 
247C/01 $82080>Marburg/Lahn, Herder-Institut, Forschungsbibliothek, Bibliographieportal $9336309341
LEADER 00000caa a2200000 c 4500
001 426559223
003 DE-603
005 20210624100606.0
007 cr||||||||||||
008 180220s2015 xx |||| o| u00||u|ger c
024 7 |a 10.1515/slaw-2015-0035  |2 doi 
035 |a (DE-599)HEB426559223 
040 |a DE-603  |b ger  |c DE-603  |d DE-603  |e rda 
041 |a ger 
084 |a 7,41  |2 ssgn 
084 |a SLAW  |q DE-1a  |2 fid 
100 1 |a Kośny, Witold  |d 1937-  |e Verfasser  |4 aut  |0 (DE-603)221607455  |0 (DE-588)140763864  |2 gnd 
245 0 0 |a Aleksander Brückners patriotische Mobilmachung 1914-1918  |c Witold Kośny 
264 0 |c 2015 
336 |a Text  |b txt  |2 rdacontent 
337 |a Computermedien  |b c  |2 rdamedia 
338 |a Online-Ressource  |b cr  |2 rdacarrier 
500 |a Englische Zusammenfassung, Seite 513 
600 1 7 |a Brückner, Aleksander  |d 1856-1939  |0 (DE-588)118515861  |0 (DE-603)086856979  |2 gnd 
600 1 7 |a Feldman, Wilhelm  |d 1868-1919  |0 (DE-588)118995790  |0 (DE-603)087336065  |2 gnd 
648 7 |a Geschichte 1914-1918  |2 gnd 
650 7 |a Weltkrieg  |g 1914-1918  |0 (DE-588)4079163-4  |0 (DE-603)085224588  |2 gnd 
650 7 |a Polnische Frage  |0 (DE-588)4216195-2  |0 (DE-603)086114549  |2 gnd 
650 7 |a Patriotismus  |0 (DE-588)4132835-8  |0 (DE-603)085479705  |2 gnd 
773 0 8 |i Enthalten in  |t Zeitschrift für Slawistik  |d Berlin : De Gruyter, 1956-  |h Online-Ressource  |x 2196-7016  |g Band 60, Heft 4 (2015), Seite 513-531  |w (DE-603)201613530  |w (DE-600)2434774-7 
924 1 |9 2080  |a (DE-603)1018351922  |b DE-2080  |c HES  |d d  |g /